000 00364 a2200109 4500
001 ART_30449
005 20260410162004.0
008 260409a
245 1 0 _aUn estudio sobre financiamiento de la educación universitaria en Argentina
100 1 _aPiffano, Horacio L. P.
773 0 _tBoletín Informativo ASAP
_g- Nº 21 (oct. 1992)
_wREV30391
999 _c31535
_d31535